000 00651nam a2200229Ia 4500
003 OSt
005 20221007072043.0
006 a|||||r|||| 00| 0
007 ta
008 221006b |||||||| |||| 00| 0 eng d
024 _a11,411
037 _cTextual
040 _aFLL
_cFLL
_beng
041 _2eng
_aeng
082 _aVIN45:8-195:N67-N46, K9
100 _aHiggins R. Au.
_9689978
245 0 _aUnited nations peacekeeping 1946-1967
260 _aLondon
_bOxford university press London
_c1969
300 _a669p
_ccm.
942 _hVIN45:8-195:N67-N46, K9
_cTEXL
_2CC
999 _c1145089
_d1145089